header

The road (Record no. 94558)

MARC details
000 -LEADER
fixed length control field 01732nam a2200421 a 4500
082 04 - DEWEY DECIMAL CLASSIFICATION NUMBER
Classification number 813/.52
-- B
100 1# - MAIN ENTRY--AUTHOR NAME
Personal name London, Jack,
245 14 - TITLE STATEMENT
Title The road
260 ## - PUBLICATION, DISTRIBUTION, ETC. (IMPRINT)
Place of publication New Brunswick, N.J. :
Name of publisher Rutgers University Press,
Year of publication c2006.
300 ## - PHYSICAL DESCRIPTION
Number of Pages xlix, 168 p. :
Other physical details ill.
490 1# - SERIES STATEMENT
Series statement Subterranean lives
500 ## - GENERAL NOTE
General note "Reprints the original manuscript and illustrations published by Macmillan in November 1907"--P. [liii].
650 #0 - SUBJECT ADDED ENTRY--TOPICAL TERM
Topical Term Authors, American
Topical Term Prisoners
Topical Term Tramps
Topical Term Railroad travel
Topical Term Vagrancy
700 1# - ADDED ENTRY--PERSONAL NAME
Personal name DePastino, Todd.
856 40 - ELECTRONIC LOCATION AND ACCESS
Uniform Resource Identifier http://site.ebrary.com/lib/rucke/Doc?id=10150137

No items available.

© 2026 Rongo University
Contact us: librarian | system librarian | Rongo university